Bệnh truyền nhiễm ở gia súc, gia cầm ( những bệnh thường có ở nước ta) /
Gardado en:
| Autor Principal: | |
|---|---|
| Formato: | Sách giấy |
| Idioma: | Vietnamese |
| Publicado: |
Hà Nội :
Nông nghiệp ,
1977.
|
| Các nhãn: |
Engadir etiqueta
Sen Etiquetas, Sexa o primeiro en etiquetar este rexistro!
|
| Thư viện lưu trữ: | Thư viện Trường Đại học Đà Lạt |
|---|
| LEADER | 00631nam a2200241 4500 | ||
|---|---|---|---|
| 001 | DLU020016806 | ||
| 005 | ##12/15/2000 | ||
| 020 | # | # | |a 978- |
| 041 | # | # | |a vie |
| 082 | # | # | |a 636.089 |b TR-T |
| 100 | # | # | |a Trịnh Văn Thịnh. |
| 245 | # | # | |a Bệnh truyền nhiễm ở gia súc, gia cầm ( những bệnh thường có ở nước ta) / |c Trịnh Văn Thịnh. |
| 260 | # | # | |a Hà Nội : |b Nông nghiệp , |c 1977. |
| 300 | # | # | |a 130 tr.; |c 19 cm. |
| 992 | # | # | |a 252 |
| 994 | # | # | |a DLU |
| 900 | # | # | |a True |
| 911 | # | # | |a Administrator |
| 925 | # | # | |a G |
| 926 | # | # | |a A |
| 927 | # | # | |a SH |
| 980 | # | # | |a Thư viện Trường Đại học Đà Lạt |